000 01177nam a2200277 a 4500
001 44395
003 BD-RjUL
005 20211209053841.0
008 160717s1982 bg ||||| |||| 00| e ben d
020 _c : Tk. 12.00
035 _a(BD-RjUL)44513
040 _aBD-RjUL
_bben
_cBD-RjUL
_dBD-RjUL
041 _aben
082 _223
_a305.48697
_bSIP 1982
100 1 _aসিদ্দিকী, মুমতাজ জাহান বেগম
_9136273
245 _aপরিবার গঠনে নারী /
_cমুমতাজ জাহান বেগম সিদ্দিকী ; মসউদুর রহমান, অনূদিত
250 _a২য় প্রকাশ
260 _aঢাকা :
_bইসলামিক ফাউণ্ডেশন,
_c১৯৮২
300 _a[৮], ১২৪ পৃ. ;
_c২২ সেমি.
490 _aই. ফা. প্রকাশনা ;
_v১১
650 _aমুসলিম নারী
_9237169
650 _aMuslim Women
_9237170
700 _aরহমান, মসউদুর, অনুবাদক
_9237171
830 _aই. ফা. প্রকাশনা ;
_v১১
_9228218
942 _2ddc
_cBK
999 _c44395
_d44395